Cestné laboratórium : Vybrané skúšky /
Uložené v:
| Hlavní autori: | , , , |
|---|---|
| Médium: | Kniha |
| Jazyk: | Slovak |
| Vydavateľské údaje: |
Bratislava :
SVŠT v Bratislave,
1991
|
| Vydanie: | 2.vyd. |
| Tagy: |
Žiadne tagy, Buďte prvý, kto otaguje tento záznam!
|
MARC
| LEADER | 00000nam a22000003a 4500 | ||
|---|---|---|---|
| 001 | stu26377 | ||
| 005 | 20150617225739.2 | ||
| 008 | 910524s1991----cs------------------slo-d | ||
| 020 | |a 80-227-0353-2 | ||
| 040 | |a STU |b slo | ||
| 041 | 0 | |a slo | |
| 044 | |a cs | ||
| 080 | |a 625.7/.8(075.8) | ||
| 100 | 1 | |a Benko, Jozef |4 aut | |
| 245 | 1 | |a Cestné laboratórium : |b Vybrané skúšky / |c [aut]Števuška,I | |
| 250 | |a 2.vyd. | ||
| 260 | |a Bratislava : |b SVŠT v Bratislave, |c 1991 | ||
| 300 | |a 329 s | ||
| 700 | 1 | |a Gallus, J |4 aut | |
| 700 | 1 | |a Grünner, Karol, |d 1942- |4 aut |u V121 |T SvF cestné vedecko-výskumné laboratórium |X 944 |U V121 |Y V121 |7 A000000944 | |
| 700 | 1 | |a Števuška, Imrich, |d 1938- |4 aut |u V121 |T SvF cestné vedecko-výskumné laboratórium |X 637 |U V121 |Y V121 |7 A000000637 | |
| 996 | |b 284V023266 |c V*39921/O-16907 |l VVT |s A |a 24 |w stu26377_0001 | ||